Britannica encyclopedia of world religions (Record no. 15964)

MARC details
000 -LEADER
fixed length control field 02819cam a2200421 a 4500
005 - DATE AND TIME OF LATEST TRANSACTION
control field 20080711183255.0
008 - FIXED-LENGTH DATA ELEMENTS--GENERAL INFORMATION
fixed length control field 051011s2006 iluab | b 00| 0 eng
010 ## - LCCN (DPL NO)
LC control number B-310143-148
020 ## - INTERNATIONAL STANDARD BOOK NUMBER
International Standard Book Number 1593392664
Terms of availability 2800.00
020 ## - INTERNATIONAL STANDARD BOOK NUMBER
International Standard Book Number 9781593392666
Terms of availability 2800.00
035 ## - SYSTEM CONTROL NUMBER
System control number B-310143-148
035 ## - SYSTEM CONTROL NUMBER
System control number B-359024
037 ## - SOURCE OF ACQUISITION
Source of stock number/acquisition GDMK
040 ## - CATALOGING SOURCE
Original cataloging agency dpl
Language of cataloging English
082 ## - DEWEY DECIMAL CLASSIFICATION NUMBER
Classification number 200.3
245 ## - TITLE STATEMENT
Title Britannica encyclopedia of world religions
246 ## - VARYING FORM OF TITLE
Title proper/short title Encyclopedia of world religions
260 ## - PUBLICATION, DISTRIBUTION, ETC. (IMPRINT)
Place of publication, distribution, etc Chicago, IL
Name of publisher, distributor, etc Encyclopaedia Britannica, Inc.,
Date of publication, distribution, etc c2006.
270 ## - ADDRESS
City Chicago, IL
Postal code 60610
300 ## - PHYSICAL DESCRIPTION
Extent xvii, 1181 p. :
Other physical details ill. (some col.), maps ;
Dimensions 26 cm.(Hb)
500 ## - GENERAL NOTE
General note "The original edition of this book, created in conjunction with Merriam-Webster, Incorporated, was published in 1999 as Merriam-Webster's encyclopedia of world religions" -- T. p. verso.
504 ## - BIBLIOGRAPHY, ETC. NOTE
Bibliography, etc Includes bibliographical references (p. 1168-1181)
650 ## - SUBJECT ADDED ENTRY--TOPICAL TERM
Topical term or geographic name as entry element Religion
Form subdivision Encyclopedias
700 ## - ADDED ENTRY--PERSONAL NAME
Personal name Doniger, Wendy.
710 ## - ADDED ENTRY--CORPORATE NAME
Corporate name or jurisdiction name as entry element Encyclopedia Britannica, Inc.
730 ## - ADDED ENTRY--UNIFORM TITLE
Uniform title Merriam-Webster's encyclopedia of world religion
942 ## - ADDED ENTRY ELEMENTS (KOHA)
Source of classification or shelving scheme Dewey Decimal Classification
Item type English Books
Classification part 200.3
Call number suffix BRI
Holdings
Withdrawn status Lost status Source of classification or shelving scheme Damaged status Not for loan Collection code Home library Current library Date acquired Source of acquisition Cost, normal purchase price Total Checkouts Full call number Barcode Date last seen Copy number Cost, replacement price Koha item type
    Dewey Decimal Classification   Not For Loan Non-fiction Central Library Central Library 16/04/2009 GDMK /113 /12.1.09 /233 /12.12.08 /13.1.09 2800.00   200.3 BRI B-310143 03/10/2008 1 2800.00 Reference Books
    Dewey Decimal Classification   Not For Loan Non-fiction Sarojini Nagar Janak Puri 16/04/2009 GDMK /113 /12.1.09 /233 /12.12.08 /13.1.09 2800.00   200.3 BRI B-310145 06/10/2009 1 2800.00 Reference Books
    Dewey Decimal Classification   Not For Loan Non-fiction Janak Puri Janak Puri 01/10/2009 GDMK/084/26.9.09/98/4.9.09/26.9.09 2800.00   200.3 BRI B-359024 05/02/2015 1 2800.00 English Books
    Dewey Decimal Classification   Not For Loan Non-fiction Karol Bagh Karol Bagh 16/04/2009 GDMK /113 /12.1.09 /233 /12.12.08 /13.1.09 2800.00   200.3 BRI B-310147 16/04/2009 1 2800.00 Reference Books
    Dewey Decimal Classification   Not For Loan Non-fiction Patel Nagar Patel Nagar 16/04/2009 GDMK /113 /12.1.09 /233 /12.12.08 /13.1.09 2800.00   200.3 BRI B-310144 16/04/2009 1 2800.00 Reference Books
    Dewey Decimal Classification   Not For Loan Non-fiction Shahdara Branch Shahdara Branch 16/04/2009 GDMK /113 /12.1.09 /233 /12.12.08 /13.1.09 2800.00   200.3 BRI B-310148 16/04/2009 1 2800.00 Reference Books
    Dewey Decimal Classification   Not For Loan Non-fiction Vinoba Puri Vinoba Puri 16/04/2009 GDMK /113 /12.1.09 /233 /12.12.08 /13.1.09 2800.00   200.3 BRI B-310146 16/04/2009 1 2800.00 Reference Books

© Delhi Public Library
Hit Counter
free hit counter